000 00338nam a2200133Ia 4500
005 20260328104332.0
008 260328s9999||||xx |||||||||||||| ||und||
100 _aAshitaka, Luilio
245 0 _aColossus, Street Art Europe /
_cLuilio Ashitaka
260 _bHarvard University Press
300 _a252 p.
650 _aARTE
942 _cBK
999 _c11760
_d11760